000
00314nam a22001337a 4500
999
_c
964
_d
964
005
20200120153048.0
008
200120b ||||| |||| 00| 0 eng d
020
_a
9781634509961
040
_c
KH8
082
_a
FIC OSA
100
_a
Osa, Nancy
245
_a
The battle of zombie hill /
_c
Nancy Osa
942
_2
ddc
_c
FIC